[Event "Druzynowe Mistrzostwa Polski - II Liga Seniorow"]
[Site "Ustron/Slaski Zwiazek Szachowy"]
[Date "2008.09.14"]
[Round "8.1"]
[White "Mista, Aleksander"]
[Black "Juroszek, Tadeusz"]
[Result "1-0"]
[WhiteTitle "GM"]
[BlackTitle "m"]
[WhiteElo "2539"]
[BlackElo "2397"]

1. e4 e5 2. f4 d5 3. exd5 c6 4. Nc3 exf4 5. Nf3 Bd6 6. d4 Ne7 7. dxc6 Nbxc6 8.
Bc4 O-O 9. O-O Bg4 10. Ne4 Bc7 11. c3 Nd5 12. Nc5 Rb8 13. Qe1 Na5 14. Bxd5 Qxd5
15. Qh4 Bxf3 16. Rxf3 Nc4 17. b3 Ne5 18. Rh3 h6 19. Qxf4 Rbc8 20. Qf5 Rfd8 21.
Be3 b6 22. c4 Qc6 23. Na6 Ng6 24. d5 Qe8 25. Nxc7 Rxc7 26. Rd1 Re7 27. Bf2 Re2
28. d6 Qd7 29. Qxd7 Rxd7 30. b4 Rc2 31. c5 Nf4 32. Re3 Ne6 33. Ree1 Kf8 34. Rc1
Rxc1 35. Rxc1 Ke8 1-0

[Event "Druzynowe Mistrzostwa Polski - II Liga Seniorow"]
[Site "Ustron/Slaski Zwiazek Szachowy"]
[Date "2008.09.14"]
[Round "8.2"]
[White "Dawidow, Jacek"]
[Black "Tomczak, Rafal"]
[Result "1/2-1/2"]
[WhiteTitle "m"]
[BlackTitle "FM"]
[WhiteElo "2306"]
[BlackElo "2350"]

1. d4 d5 2. Nf3 Nf6 3. c4 dxc4 4. e3 e6 5. Bxc4 c5 6. O-O a6 7. dxc5 Bxc5 8.
Qxd8+ Kxd8 9. Rd1+ Ke7 10. a3 Nbd7 11. b4 Bd6 12. Bb2 b5 13. Bd3 Bb7 14. Nbd2
Rac8 15. Rac1 Nb6 16. e4 Na4 17. Bd4 Bb8 18. Kf1 Rhd8 19. Rxc8 Rxc8 20. Re1 g6
21. Nb3 Nd7 22. Rc1 Rxc1+ 23. Nxc1 e5 24. Be3 Nb2 25. Nd2 Nxd3 26. Nxd3 f5 27.
f3 Bc7 28. Ke2 Kd6 29. Nc5 Nxc5 30. Bxc5+ Ke6 31. Kd3 h5 32. Be3 Bd8 33. Nb3
Bc8 34. Bd2 Kd6 35. Nc5 a5 36. Bh6 a4 37. Bg7 Bg5 38. Ke2 Bc1 39. Nd3 Bxa3 40.
Bxe5+ Ke7 41. Bc3 Be6 42. Kd2 Kd6 43. Ne1 fxe4 44. fxe4 Bb3 45. h4 Ke6 46. Nc2
Bxc2 47. Kxc2 Kd6 48. Kb1 Ke6 49. Bd2 Ke5 50. Ka2 Bxb4 51. Bxb4 Kxe4 52. Ka3
Kf4 53. Be7 Kg4 54. Kb4 Kg3 55. Bf6 Kg4 56. Kxb5 a3 57. Kc4 a2 58. Kd3 Kf5 59.
Bd4 g5 60. Ke3 gxh4 61. Kf3 Kg5 62. Bc3 Kf5 63. Kf2 Kg4 64. Kg1 h3 65. Bd4
1/2-1/2

[Event "Druzynowe Mistrzostwa Polski - II Liga Seniorow"]
[Site "Ustron/Slaski Zwiazek Szachowy"]
[Date "2008.09.14"]
[Round "8.3"]
[White "Budrewicz, Krzysztof"]
[Black "Kulesza, Mateusz"]
[Result "1/2-1/2"]
[WhiteTitle "m"]
[BlackTitle "k+"]
[WhiteElo "2333"]
[BlackElo "2280"]

1. d4 e6 2. c4 b6 3. a3 Bb7 4. Nc3 Nf6 5. Nf3 d5 6. Bg5 Be7 7. e3 O-O 8. Qc2
Nbd7 9. cxd5 Nxd5 10. Bxe7 Qxe7 11. Nxd5 Bxd5 12. Bd3 f5 13. Qxc7 Bxf3 14. gxf3
Rac8 15. Qb7 Qd6 16. Rd1 Rc7 17. Qa6 Kh8 18. Bb1 e5 19. Qd3 Qg6 20. h4 Qg2 21.
Qf1 Qxf3 22. Qh3 Qh5 23. Rg1 exd4 24. Qg3 Qg4 25. Qh2 Ne5 26. Rxg4 Nf3+ 27. Ke2
Nxh2 28. Rgxd4 Ng4 29. Rd8 Rcf7 30. R1d7 Ne5 31. Rxf8+ Rxf8 32. Rxa7 h5 33. f4
Ng6 34. Rb7 Rf6 35. Ba2 Nxh4 36. Bf7 Ng6 37. Kf2 Kh7 38. b4 Rd6 39. Rc7 h4 40.
Rc2 Ne7 41. a4 Rd7 42. a5 bxa5 43. bxa5 Kh6 44. a6 g5 45. fxg5+ Kxg5 46. Ra2
Ra7 47. Bc4 Nc6 48. Bb5 Ne5 49. Be2 Ng4+ 50. Kf3 h3 51. Bf1 Ne5+ 52. Kg3 Ng4
53. Bxh3 Nxe3 54. Kf3 Nd5 55. Bf1 Nc7 56. Ra5 Kf6 57. Kf4 Ke6 58. Bc4+ Kd6 59.
Rxf5 Kd7 60. Rf6 Ra8 61. Ke5 Re8+ 62. Kd4 Kc8 63. Kc5 Kb8 64. Kb6 Na8+ 65. Kc6
Re7 66. Kd6 Rh7 67. Rg6 Ka7 68. Bd3 Nb6 69. Kc5 Rh5+ 70. Kc6 Rh7 71. Rg5 Rh6+
72. Kc5 Nd7+ 73. Kb4 Rd6 74. Bb5 Kb6 75. Rg8 Rd4+ 76. Kc3 Rd5 77. Bc4 Rd6 78.
Kb4 Ka7 79. Rg7 Kb6 80. Bb5 Rd4+ 81. Kc3 Rd5 82. Bxd7 Kxa6 83. Kc4 Rd1 84. Bb5+
Kb6 85. Rg6+ Kc7 86. Re6 Rh1 87. Rc6+ Kd8 88. Re6 Kc7 89. Kc5 Rh5+ 90. Kb4 Rh4+
91. Ka5 Rh2 92. Rc6+ Kd8 93. Kb6 Ke7 94. Bc4 Rh3 95. Kc5 Rh1 96. Re6+ Kd7 97.
Re5 Rh7 98. Bd5 Rg7 99. Be4 Rg1 100. Bc6+ Kc7 101. Re7+ Kd8 102. Rd7+ Kc8 103.
Rh7 Kd8 104. Rd7+ Kc8 105. Re7 Kd8 106. Rh7 Rf1 107. Bd5 Rf6 108. Bc4 Rg6 109.
Kd5 Rf6 110. Ke5 Rb6 111. Be6 Rb5+ 112. Kf6 Rb6 113. Ra7 Rd6 114. Rb7 Rd1 115.
Ke5 Ra1 116. Bc4 Kc8 117. Rh7 Rg1 118. Kd6 Rg6+ 119. Be6+ Kb8 120. Re7 Rg1 121.
Bd5 Rg6+ 122. Kc5 Rg1 123. Bc6 Rc1+ 124. Kb6 Rb1+ 125. Bb5 Rc1 126. Rh7 Rc2
127. Bc6 Rb2+ 128. Kc5 Rb1 129. Kd6 Rd1+ 130. Bd5 Rg1 131. Rh8+ Ka7 132. Kc5
Rc1+ 133. Bc4 Rg1 134. Rh7+ Kb8 135. Bd5 Rc1+ 136. Kd6 Rd1 137. Rb7+ Kc8 138.
Rb3 1/2-1/2

[Event "Druzynowe Mistrzostwa Polski - II Liga Seniorow"]
[Site "Ustron/Slaski Zwiazek Szachowy"]
[Date "2008.09.14"]
[Round "8.4"]
[White "Flasinski, Michal"]
[Black "Lisowski, Krzysztof"]
[Result "0-1"]
[WhiteTitle "k"]
[BlackTitle "k"]
[WhiteElo "2236"]
[BlackElo "2199"]

1. e4 c5 2. Nf3 Nc6 3. d4 cxd4 4. Nxd4 Nf6 5. Nc3 e5 6. Ndb5 d6 7. Bg5 a6 8.
Na3 b5 9. Bxf6 gxf6 10. Nd5 Bg7 11. Bd3 Ne7 12. Nxe7 Qxe7 13. c4 f5 14. O-O O-O
15. Re1 Bb7 16. cxb5 fxe4 17. Bxe4 d5 18. Bd3 axb5 19. Nxb5 e4 20. Rc1 Qb4 21.
Bf1 Rxa2 22. Rc7 Ba8 23. Re3 Qxb2 24. Re2 Ra1 25. Rxb2 Rxd1 26. Ra2 d4 27. f3
e3 0-1

[Event "Druzynowe Mistrzostwa Polski - II Liga Seniorow"]
[Site "Ustron/Slaski Zwiazek Szachowy"]
[Date "2008.09.14"]
[Round "8.5"]
[White "Migala, Andrzej"]
[Black "Wojciechowski, Piotr"]
[Result "1/2-1/2"]
[WhiteTitle "I+"]
[BlackTitle "k"]
[WhiteElo "2091"]
[BlackElo "2247"]

1. e4 c5 2. Nc3 a6 3. Nf3 e6 4. d4 cxd4 5. Nxd4 Qc7 6. g3 Bb4 7. Nde2 Nf6 8.
Bg2 Nc6 9. O-O O-O 10. Bf4 Qb6 11. Na4 Qa5 12. c4 b5 13. cxb5 axb5 14. Nac3
Bxc3 15. Nxc3 b4 16. Ne2 e5 17. Be3 Ba6 18. Re1 Ng4 19. Nc1 Nxe3 20. Rxe3 Bc4
21. b3 Bb5 22. Bf1 Rfd8 23. Bxb5 Qxb5 24. Rd3 Nd4 25. Ne2 Ne6 26. Rd5 Qb8 27.
Qd2 d6 28. Rc1 Qb6 29. Rc4 Rab8 30. Kg2 h6 31. f3 Qa6 32. Nc1 Nd4 33. Nd3 Rdc8
34. Nxb4 Qb6 35. Nd3 Rxc4 36. bxc4 Ne6 37. Rb5 Qc7 38. Rxb8+ Qxb8 39. Qb4 Qa7
40. Qxd6 Qxa2+ 41. Nf2 Qxc4 42. Qxe5 Nd4 43. Qb8+ Kh7 44. Qb1 Nc2 45. Kg1 Qc3
46. Qc1 Qb3 47. Qd1 Qb2 48. Qd2 Qb1+ 49. Qd1 Qb3 50. Qd3 Qb1+ 51. Qd1 Qa2 52.
Qd2 Qa1+ 53. Qd1 Qc3 54. Qc1 Qc5 55. Qd2 Ne3 56. h3 Qa3 57. Qe2 Qa1+ 58. Kh2
Qd4 59. Kg1 Nc4 60. Kg2 Qc3 61. Kg1 Ne3 62. Nd1 Nxd1 63. Kh2 Qc1 64. Kg2
1/2-1/2

[Event "Druzynowe Mistrzostwa Polski - II Liga Seniorow"]
[Site "Ustron/Slaski Zwiazek Szachowy"]
[Date "2008.09.14"]
[Round "8.6"]
[White "Szydlowska, Marta"]
[Black "Krestianowa, Tatiana"]
[Result "1-0"]
[WhiteTitle "k"]
[BlackTitle ""]
[WhiteElo "2032"]
[BlackElo "2194"]

1. d4 g6 2. Nf3 Bg7 3. Bf4 d6 4. e3 Nd7 5. h3 e5 6. Bh2 Qe7 7. Be2 f5 8. c4 Nh6
9. Nc3 c6 10. b4 Nf7 11. b5 O-O 12. O-O g5 13. Ne1 Nf6 14. Nc2 Bd7 15. Nb4 g4
16. hxg4 Nxg4 17. Bxg4 fxg4 18. Rc1 h5 19. bxc6 bxc6 20. dxe5 Nxe5 21. Bxe5
Qxe5 22. Nd3 Qg5 23. Nf4 Rxf4 24. exf4 Qxf4 25. Nd5 Qh6 26. Qd3 Be5 27. f4 gxf3
28. Qxf3 Kh8 29. Ne7 Re8 30. Qf7 Qg7 31. Ng6+ Kh7 32. Nf8+ Rxf8 33. Qxf8 Qg3
34. Rf7+ Bg7 35. Rcf1 Be6 36. Rxg7+ Qxg7 37. Qxd6 Bxc4 38. Rf5 Bf7 39. Qd7 Kg6
40. Qd3 Kh6 41. Qe3+ Kh7 42. Qxa7 Kg8 43. Qe7 Bg6 44. Qxg7+ Kxg7 45. Rc5 Kf7
46. Rxc6 Bf5 47. a4 Bd7 48. Rc7 Ke6 49. Rxd7 1-0

[Event "Druzynowe Mistrzostwa Polski - II Liga Seniorow"]
[Site "Ustron/Slaski Zwiazek Szachowy"]
[Date "2008.09.14"]
[Round "8.7"]
[White "Wisniewski, Adrian"]
[Black "Hera, Imre"]
[Result "1/2-1/2"]
[WhiteTitle "FM"]
[BlackTitle "GM"]
[WhiteElo "2361"]
[BlackElo "2518"]

1. Nf3 d5 2. g3 Nf6 3. Bg2 c6 4. b3 Bf5 5. Bb2 e6 6. d3 Be7 7. Nbd2 O-O 8. O-O
h6 9. Ne5 Nbd7 10. e4 Bh7 11. Nxd7 Qxd7 12. Qe2 Rfd8 13. f4 dxe4 14. Nxe4 Bxe4
15. Bxe4 Bc5+ 16. Kg2 Bd4 17. c3 Nxe4 18. dxe4 Bf6 19. Rad1 1/2-1/2

[Event "Druzynowe Mistrzostwa Polski - II Liga Seniorow"]
[Site "Ustron/Slaski Zwiazek Szachowy"]
[Date "2008.09.14"]
[Round "8.8"]
[White "Kosiorek, Marek"]
[Black "Zgadzaj, Rafal"]
[Result "1-0"]
[WhiteTitle "m"]
[BlackTitle "k"]
[WhiteElo "2371"]
[BlackElo "2245"]

1. e4 d6 2. d4 Nf6 3. Bd3 g6 4. c4 Bg7 5. Nc3 O-O 6. Nge2 e5 7. d5 Nbd7 8. O-O
Nc5 9. Bc2 a5 10. Bg5 Bd7 11. Qd2 Qe8 12. Ng3 Kh8 13. Rae1 Ng8 14. b3 Qc8 15.
a3 Qe8 16. b4 axb4 17. axb4 Na6 18. Rb1 f5 19. exf5 gxf5 20. f4 e4 21. Rfe1 Nf6
22. Bd1 Qb8 23. Nb5 Kg8 24. Kh1 Qe8 25. Nd4 Qc8 26. Ra1 Ne8 27. Ra3 c5 28. dxc6
bxc6 29. Nh5 Rf7 30. Rg3 Kh8 31. Nxg7 Nxg7 32. Nb3 Qc7 33. c5 d5 34. Be2 Qb7
35. Bxa6 Rxa6 36. Qd4 Ra4 37. Bf6 Bc8 38. Rxg7 Rxg7 39. Re3 Rxb4 40. Bxg7+ Kg8
41. Qf6 Qf7 42. Qd8+ Kxg7 43. Rg3+ Qg6 44. Qc7+ Kf6 45. Rxg6+ hxg6 46. g4 Rxb3
47. g5+ Ke6 48. Qxc8+ Ke7 49. Qxc6 Rd3 50. Qd6+ Kf7 51. c6 Kg8 1-0

[Event "Druzynowe Mistrzostwa Polski - II Liga Seniorow"]
[Site "Ustron/Slaski Zwiazek Szachowy"]
[Date "2008.09.14"]
[Round "8.9"]
[White "Najbar, Marcin"]
[Black "Karbowiak, Adam"]
[Result "1/2-1/2"]
[WhiteTitle "k+"]
[BlackTitle "k+"]
[WhiteElo "2230"]
[BlackElo "2194"]

1. e4 e6 2. d4 d5 3. Nd2 dxe4 4. Nxe4 Bd7 5. Nf3 Bc6 6. Bd3 Nd7 7. O-O Ngf6 8.
Ng3 Be7 9. c4 O-O 10. b3 b6 11. Bb2 Bb7 12. Qe2 c5 13. Rad1 Bxf3 14. Qxf3 cxd4
15. Bxd4 Qc7 16. Bb1 Rfd8 17. Bb2 Rac8 18. Qe2 Bd6 19. Rd3 Be5 20. Bc1 Nc5 21.
Rf3 Ncd7 22. Re1 Bd6 23. Bb2 Be5 24. Bc1 Bd6 25. Bb2 Be5 26. Ba3 Bd6 27. Bxd6
Qxd6 28. Rd3 Qc7 29. Red1 Nb8 30. Qd2 Nc6 31. Qg5 h6 32. Qe3 Rxd3 33. Rxd3 Rd8
34. h3 Rxd3 35. Qxd3 Kf8 36. Qd2 Ke7 37. Be4 Qd6 38. Qe3 Nxe4 39. Qxe4 Kd7 40.
Qg4 Qd4 41. Qf3 f5 42. Kh2 Kd6 43. Qe2 g6 44. a3 a5 45. Qf3 h5 46. Ne2 Qe5+ 47.
g3 Nd4 48. Qd3 Qxe2 49. Qxd4+ Kc6 50. b4 axb4 51. axb4 e5 52. Qd5+ Kc7 53. Qf7+
Kc8 54. Qe8+ Kc7 55. Qe7+ Kc8 56. Qe8+ 1/2-1/2

[Event "Druzynowe Mistrzostwa Polski - II Liga Seniorow"]
[Site "Ustron/Slaski Zwiazek Szachowy"]
[Date "2008.09.14"]
[Round "8.10"]
[White "Pacuszka, Tomasz"]
[Black "Krzywda, Andrzej"]
[Result "1-0"]
[WhiteTitle "FM"]
[BlackTitle "I++"]
[WhiteElo "2291"]
[BlackElo "2163"]

1. Nf3 c5 2. g3 b6 3. Bg2 Bb7 4. O-O Nf6 5. c4 e6 6. Nc3 Be7 7. Qc2 O-O 8. e4
d6 9. d4 cxd4 10. Nxd4 Qc7 11. Qe2 a6 12. Be3 Nbd7 13. Rac1 Rac8 14. b3 Nc5 15.
Bd2 Qb8 16. h3 Qa8 17. Rfe1 Rfe8 18. Kh2 Bf8 19. Bg5 Ncd7 20. Na4 Qa7 21. Rcd1
h6 22. Bc1 d5 23. e5 Ne4 24. f3 Nec5 25. Nb2 dxc4 26. Nxc4 Red8 27. f4 Nb8 28.
Bb2 b5 29. Nd2 Bxg2 30. Kxg2 Qb7+ 31. N2f3 Nc6 32. Nxc6 Qxc6 33. Kh2 Rxd1 34.
Qxd1 Be7 35. Nd4 Qb7 36. Qe2 Rd8 37. Rd1 Rd5 38. Rd2 Qd7 39. Nf3 Nd3 40. Bd4
Nb4 41. Qf2 a5 42. h4 Nc6 43. Bc3 Bb4 44. Rxd5 Qxd5 45. Bb2 Bc5 46. Qe2 Bb6 47.
Bc3 a4 48. bxa4 bxa4 49. g4 Qc5 50. Qd2 Qc4 51. Kg3 Qf1 52. h5 Ne7 53. Bd4 Bxd4
54. Qxd4 Nd5 55. f5 Qa6 56. fxe6 fxe6 57. g5 hxg5 58. Nxg5 Qc6 59. Qg4 Nc3 60.
Nxe6 Qd7 61. Qc4 Kh8 62. Nf4 Nd1 63. Ng6+ 1-0

[Event "Druzynowe Mistrzostwa Polski - II Liga Seniorow"]
[Site "Ustron/Slaski Zwiazek Szachowy"]
[Date "2008.09.14"]
[Round "8.11"]
[White "Malecki, Rafal"]
[Black "Zwolakiewicz, Krzysztof"]
[Result "1-0"]
[WhiteTitle ""]
[BlackTitle "I++"]
[WhiteElo "2118"]
[BlackElo "2051"]

1. e4 c5 2. Nf3 e6 3. b3 a6 4. Bb2 Nc6 5. d4 cxd4 6. Nxd4 Qf6 7. c3 Bc5 8. g3
d5 9. exd5 exd5 10. Bg2 Nge7 11. O-O O-O 12. Nxc6 bxc6 13. Qd2 Qf5 14. Ba3 Bxa3
15. Nxa3 a5 16. Rfe1 Re8 17. Nc2 Ba6 18. Nd4 Qd7 19. Rad1 c5 20. Nc2 Rad8 21.
c4 d4 22. Qxa5 Qa7 23. Re5 Rc8 24. Ne1 Qc7 25. Qxc7 Rxc7 26. Nd3 Rec8 27. Nxc5
Rxc5 28. Rxe7 Rd8 29. Rxd4 1-0

[Event "Druzynowe Mistrzostwa Polski - II Liga Seniorow"]
[Site "Ustron/Slaski Zwiazek Szachowy"]
[Date "2008.09.14"]
[Round "8.12"]
[White "Czarnota, Dorota"]
[Black "Kupczyk, Edyta"]
[Result "0-1"]
[WhiteTitle "WIM"]
[BlackTitle "m"]
[WhiteElo "2229"]
[BlackElo "2110"]

1. e4 c5 2. Nf3 Nc6 3. Bb5 d6 4. O-O Bd7 5. Re1 e6 6. c3 a6 7. Bf1 Nf6 8. d4
Be7 9. h3 e5 10. a4 O-O 11. Na3 Qc7 12. Rb1 Rfe8 13. d5 Na7 14. b4 b5 15. a5 c4
16. Nh2 g6 17. g4 h5 18. Nc2 hxg4 19. hxg4 Nh7 20. Ne3 Bg5 21. Bg2 Qd8 22. Nc2
Kg7 23. Bxg5 Qxg5 24. Re3 Rh8 25. Rg3 Nf6 26. Ne3 Qf4 27. Qf3 Rh4 28. Rh3 Rxh3
29. Bxh3 Rh8 30. Kg2 Nxe4 31. Qxf4 exf4 32. Nd1 Ng5 0-1

[Event "Druzynowe Mistrzostwa Polski - II Liga Seniorow"]
[Site "Ustron/Slaski Zwiazek Szachowy"]
[Date "2008.09.14"]
[Round "8.13"]
[White "Warszawski, Bartosz"]
[Black "Cichocki, Adam"]
[Result "1/2-1/2"]
[WhiteTitle "m"]
[BlackTitle "FM"]
[WhiteElo "2277"]
[BlackElo "2320"]

1. e4 e6 2. d4 d5 3. Nc3 Nf6 4. Bg5 Bb4 5. e5 h6 6. Be3 Bxc3+ 7. bxc3 Ne4 8.
Qg4 Kf8 9. Bd3 Nxc3 10. h4 c5 11. dxc5 Nc6 12. Nf3 Qa5 13. Kf1 Nb4 14. Rh3 Nxd3
15. cxd3 Qb4 16. Qd4 Qb2 17. Re1 Bd7 18. Bd2 Na4 19. Qxb2 Nxb2 20. Ke2 Na4 21.
Bb4 Kg8 22. Nd4 Rc8 23. Rc1 f6 24. f4 Kf7 25. g4 Rc7 26. Rc2 Rhc8 27. Nb3 b6
28. d4 Bb5+ 29. Kd2 Bc4 30. Ba3 bxc5 31. Nxc5 Nxc5 1/2-1/2

[Event "Druzynowe Mistrzostwa Polski - II Liga Seniorow"]
[Site "Ustron/Slaski Zwiazek Szachowy"]
[Date "2008.09.14"]
[Round "8.14"]
[White "Dlugosz, Jedrzej"]
[Black "Kaim, Piotr"]
[Result "1/2-1/2"]
[WhiteTitle "m"]
[BlackTitle "k+"]
[WhiteElo "2340"]
[BlackElo "2227"]

1. e4 c5 2. Nf3 d6 3. d4 cxd4 4. Nxd4 Nf6 5. Nc3 Nc6 6. f3 e5 7. Nb3 Be7 8. Be3
O-O 9. Qd2 a5 10. Bb5 Be6 11. Rd1 Na7 12. Bd3 Nc6 13. a3 a4 14. Nc1 h6 15. N1e2
Nd7 16. O-O Bg5 17. Bb5 Bxe3+ 18. Qxe3 Nb6 19. f4 exf4 20. Nxf4 Bg4 21. Rd2 Ne5
22. Qd4 Rc8 23. Ncd5 Nxd5 24. Nxd5 Rc5 25. Qxa4 Qg5 26. Rdf2 Be6 27. Nf4 Bc4
28. Bd7 1/2-1/2

[Event "Druzynowe Mistrzostwa Polski - II Liga Seniorow"]
[Site "Ustron/Slaski Zwiazek Szachowy"]
[Date "2008.09.14"]
[Round "8.15"]
[White "Olenderek, Tomasz"]
[Black "Kolosowski, Pawel"]
[Result "1/2-1/2"]
[WhiteTitle "k"]
[BlackTitle "m"]
[WhiteElo "2156"]
[BlackElo "2309"]

1. d4 Nf6 2. Nf3 g6 3. Nbd2 d5 4. e3 Bg7 5. Bd3 b6 6. e4 dxe4 7. Nxe4 Bb7 8.
Qe2 Nbd7 9. O-O O-O 10. c3 c5 1/2-1/2

[Event "Druzynowe Mistrzostwa Polski - II Liga Seniorow"]
[Site "Ustron/Slaski Zwiazek Szachowy"]
[Date "2008.09.14"]
[Round "8.16"]
[White "Bugalski, Michal"]
[Black "Chalupnik, Marcin"]
[Result "1/2-1/2"]
[WhiteTitle "k"]
[BlackTitle "k+"]
[WhiteElo "2279"]
[BlackElo "2244"]

1. e4 c5 2. c3 g6 3. d4 cxd4 4. cxd4 d5 5. e5 Bg7 6. Nc3 Nc6 7. Be3 f6 8. exf6
exf6 9. Nge2 Be6 10. Nf4 Bf7 11. g3 Nge7 12. Bg2 O-O 13. O-O Qd7 14. Re1 Kh8
15. Qd2 b6 16. Rac1 Rac8 17. Bh3 f5 18. Nce2 g5 19. Nd3 h6 20. f4 g4 21. Bg2
Na5 22. Nc3 Nc4 23. Qe2 Nd6 24. Ne5 Qe6 25. Nb5 Bxe5 26. fxe5 Nxb5 27. Qxb5 Kh7
28. Qd3 Rxc1 29. Rxc1 Rc8 30. Rc3 Rxc3 31. Qxc3 Qc6 32. Qa3 Qc7 33. Bf1 Be6 34.
Bd2 Ng8 35. Bd3 Kg7 36. Qa4 Bd7 37. Qb3 Be6 38. a4 Ne7 39. Bb5 Bd7 40. Qe3 Ng8
41. Bd3 Qc6 42. b3 a5 43. Qf2 Ne7 44. Qe3 Qg6 45. Bc1 Qe6 46. Ba3 Nc6 47. Bd6
Nd8 48. Bc7 Nf7 49. Bb5 Bxb5 50. axb5 Ng5 51. Qc3 Nf3+ 52. Kf2 Qe7 53. Bxb6 Qa3
54. Ke3 Qa2 55. e6 Kf6 56. Bd8+ Kxe6 57. Qc6+ Kf7 58. Qf6+ Kg8 59. Qg6+ Kf8 60.
Qf6+ Kg8 1/2-1/2

[Event "Druzynowe Mistrzostwa Polski - II Liga Seniorow"]
[Site "Ustron/Slaski Zwiazek Szachowy"]
[Date "2008.09.14"]
[Round "8.17"]
[White "Rams, Michal"]
[Black "Kempinski, Tomasz"]
[Result "1-0"]
[WhiteTitle "k"]
[BlackTitle "k+"]
[WhiteElo "2244"]
[BlackElo "2260"]

1. e4 c5 2. Nf3 g6 3. d4 Bg7 4. Nc3 cxd4 5. Nxd4 Nc6 6. Nde2 Nf6 7. g3 O-O 8.
Bg2 d6 9. O-O Bd7 10. h3 Ne5 11. a4 a5 12. Nd5 Nxd5 13. exd5 b5 14. axb5 Bxb5
15. Re1 Qb6 16. Ra2 Rfc8 17. Be3 Qb7 18. Bd4 Bc4 19. Bxe5 Bxa2 20. Bxg7 Kxg7
21. b3 Kg8 22. Nd4 a4 23. Nc6 Re8 24. b4 Bc4 25. Qd4 Bb5 26. Na5 Qa7 27. Qd2
Rac8 28. Nc6 Bxc6 29. dxc6 Rc7 30. c4 Rb8 31. Ra1 a3 32. Qc3 Qa4 33. b5 a2 34.
Bf3 e6 35. Bd1 Qa7 36. Bb3 Qc5 37. Rxa2 Rcc8 38. Qe3 Qf5 39. Bc2 Qxh3 40. Qa7
h5 41. c7 1-0

[Event "Druzynowe Mistrzostwa Polski - II Liga Seniorow"]
[Site "Ustron/Slaski Zwiazek Szachowy"]
[Date "2008.09.14"]
[Round "8.18"]
[White "Bukowska, Katarzyna"]
[Black "Zajkowska, Olga"]
[Result "1-0"]
[WhiteTitle "k+"]
[BlackTitle "I++"]
[WhiteElo "2040"]
[BlackElo "1887"]

1. e4 d6 2. d4 Nf6 3. Nc3 g6 4. Nf3 Bg7 5. h3 O-O 6. Be3 c6 7. Qd2 b5 8. Bd3 a5
9. O-O Ba6 10. Ne2 Nbd7 11. c3 c5 12. Ng3 e5 13. Rfe1 Re8 14. Bh6 Nf8 15. Bxg7
Kxg7 16. dxc5 dxc5 17. Rad1 Qc7 18. Qg5 Ng8 19. Bc2 f6 20. Qe3 Ne6 21. Rd2 Rad8
22. Red1 Ne7 23. Nh2 b4 24. Ng4 Ng8 25. Ba4 Rxd2 26. Rxd2 Rd8 27. Bb3 c4 28.
Ba4 {Dalej zapisy rozne} 1-0

[Event "Druzynowe Mistrzostwa Polski - II Liga Seniorow"]
[Site "Ustron/Slaski Zwiazek Szachowy"]
[Date "2008.09.14"]
[Round "8.19"]
[White "Latas, Boguslaw"]
[Black "Czyz, Artur"]
[Result "1-0"]
[WhiteTitle "k"]
[BlackTitle "I+"]
[WhiteElo "2299"]
[BlackElo "2081"]

1. Nf3 Nf6 2. g3 g6 3. Bg2 Bg7 4. O-O O-O 5. c4 d6 6. Nc3 Nbd7 7. d4 c6 8. h3
Rb8 9. e4 e5 10. Be3 a6 11. Qc2 Qe7 12. Rad1 Re8 13. c5 exd4 14. cxd6 Qd8 15.
Nxd4 c5 16. Nb3 b6 17. f4 h6 18. Rfe1 Bb7 19. e5 Bxg2 20. Qxg2 Nh7 21. Nd5 Nhf8
22. Nc7 Re6 23. Nxe6 fxe6 24. Nd2 Qc8 25. Rc1 Qb7 26. Qxb7 Rxb7 27. b4 cxb4 28.
Rc7 Rb8 29. Rec1 a5 30. Rc8 a4 31. Rxb8 Nxb8 32. Bxb6 Nbd7 33. Be3 g5 34. Rc4
b3 35. axb3 axb3 36. Nxb3 gxf4 37. gxf4 Kf7 38. Rc7 Ke8 39. Nc5 1-0

[Event "Druzynowe Mistrzostwa Polski - II Liga Seniorow"]
[Site "Ustron/Slaski Zwiazek Szachowy"]
[Date "2008.09.14"]
[Round "8.20"]
[White "Swicarz, Maciej"]
[Black "Kuziola, Mateusz"]
[Result "1/2-1/2"]
[WhiteTitle "m"]
[BlackTitle "k++"]
[WhiteElo "2284"]
[BlackElo "2309"]

1. e4 c5 2. Nc3 Nc6 3. Bb5 Nd4 4. Bc4 e6 5. Nf3 Nf6 6. O-O a6 7. d3 b5 8. Bb3
Nxb3 9. axb3 Bb7 10. e5 Nd5 11. Ne4 f5 12. exf6 Nxf6 13. Nfg5 Be7 14. Qf3 Bxe4
15. dxe4 O-O 16. Rd1 Qc8 17. e5 Nd5 18. Qe4 Bxg5 19. Bxg5 c4 20. bxc4 Qxc4 21.
Rd4 Qc6 22. Ra3 Nb6 23. Qe2 Rf5 1/2-1/2

[Event "Druzynowe Mistrzostwa Polski - II Liga Seniorow"]
[Site "Ustron/Slaski Zwiazek Szachowy"]
[Date "2008.09.14"]
[Round "8.21"]
[White "Kolago, Marcin"]
[Black "Rudnicki, Milosz"]
[Result "1/2-1/2"]
[WhiteTitle "m"]
[BlackTitle "I++"]
[WhiteElo "2340"]
[BlackElo "2197"]

1. c4 e5 2. Nc3 Nf6 3. g3 d5 4. cxd5 Nxd5 5. Bg2 Nb6 6. Nf3 Nc6 7. O-O Be7 8.
a3 O-O 9. b4 a6 10. d3 f5 11. Be3 Be6 12. Rc1 Bf6 13. Nd2 Re8 14. Nb3 Nd5 15.
Nxd5 Bxd5 16. Bxd5+ Qxd5 17. Rc5 Qd6 18. Qc2 Kh8 19. Qc4 Rad8 20. Rc1 f4 21.
Bd2 f3 22. exf3 Qxd3 23. Be3 e4 24. Qxd3 Rxd3 25. Nd2 exf3 26. Nxf3 1/2-1/2

[Event "Druzynowe Mistrzostwa Polski - II Liga Seniorow"]
[Site "Ustron/Slaski Zwiazek Szachowy"]
[Date "2008.09.14"]
[Round "8.22"]
[White "Lercel, Michal"]
[Black "Seifert, Henryk"]
[Result "1-0"]
[WhiteTitle "k"]
[BlackTitle "FM"]
[WhiteElo "2178"]
[BlackElo "2235"]

1. e4 e6 2. d3 c5 3. Nf3 Nc6 4. g3 g6 5. Bg2 Bg7 6. O-O Nge7 7. Re1 d6 8. c3 e5
9. a3 O-O 10. b4 a6 11. Be3 b6 12. Nbd2 h6 13. Nf1 Be6 14. d4 cxd4 15. cxd4 d5
16. Nxe5 Nxe5 17. dxe5 Bxe5 18. Bxh6 Re8 19. exd5 Bxa1 20. Qxa1 Nf5 21. dxe6
Nxh6 22. Bxa8 Qxa8 23. Qf6 Kh7 24. exf7 Rf8 25. Re6 1-0

[Event "Druzynowe Mistrzostwa Polski - II Liga Seniorow"]
[Site "Ustron/Slaski Zwiazek Szachowy"]
[Date "2008.09.14"]
[Round "8.23"]
[White "Milanowski, Jan"]
[Black "Stepien, Marcin"]
[Result "0-1"]
[WhiteTitle "I++"]
[BlackTitle "I+"]
[WhiteElo "2080"]
[BlackElo "2083"]

1. d4 Nf6 2. Nf3 g6 3. Bf4 Bg7 4. c3 d6 5. h3 O-O 6. Nbd2 Nc6 7. e3 Nd7 8. Bc4
e5 9. Bg5 Qe8 10. O-O Kh8 11. d5 Ne7 12. e4 f5 13. b4 Ng8 14. Bh4 f4 15. Nh2 h6
16. f3 g5 17. Bf2 Ndf6 18. Re1 h5 19. Be2 Qg6 20. Bf1 Nh6 21. c4 g4 22. hxg4
hxg4 23. fxg4 Nfxg4 24. Nxg4 Nxg4 25. Nf3 Bf6 26. Qd3 Kg7 27. Rac1 Rh8 28. Be2
0-1

[Event "Druzynowe Mistrzostwa Polski - II Liga Seniorow"]
[Site "Ustron/Slaski Zwiazek Szachowy"]
[Date "2008.09.14"]
[Round "8.24"]
[White "Hermanowicz, Dominika"]
[Black "Wesolowska, Hanna"]
[Result "0-1"]
[WhiteTitle "k"]
[BlackTitle "WFM"]
[WhiteElo "2118"]
[BlackElo "2054"]

1. e4 e5 2. Nf3 Nc6 3. Bb5 a6 4. Ba4 Nf6 5. O-O Nxe4 6. d4 b5 7. Bb3 d5 8. dxe5
Be6 9. c3 Be7 10. Qe2 Qd7 11. Rd1 Nc5 12. Bc2 b4 13. Nbd2 Rd8 14. Nf1 bxc3 15.
bxc3 Bf5 16. Ne3 Bxc2 17. Qxc2 Qe6 18. Nf5 Bf8 19. Ba3 Ne4 20. N5d4 Nxd4 21.
Nxd4 Qd7 22. Bxf8 Kxf8 23. c4 c6 24. cxd5 cxd5 25. Rac1 g6 26. Nc6 Rc8 27. f3
Rxc6 28. Qxc6 Qa7+ 29. Kh1 Nf2+ 0-1

[Event "Druzynowe Mistrzostwa Polski - II Liga Seniorow"]
[Site "Ustron/Slaski Zwiazek Szachowy"]
[Date "2008.09.14"]
[Round "8.25"]
[White "Maciejczak, Jakub"]
[Black "Murdzia, Piotr"]
[Result "1/2-1/2"]
[WhiteTitle "m"]
[BlackTitle "IM"]
[WhiteElo "2344"]
[BlackElo "2481"]

1. e4 c5 2. Nc3 d6 3. g3 g6 4. Bg2 Bg7 5. d3 Nc6 6. f4 Nh6 7. Nf3 O-O 8. O-O f5
9. Kh1 Bd7 10. Ng5 Nf7 11. Nxf7 Rxf7 12. Be3 Rb8 13. Qd2 b5 14. Nd1 b4 15. c3
Qa5 16. Bg1 Rff8 17. c4 Nd4 18. Ne3 Qc7 19. exf5 gxf5 20. Rae1 e6 21. b3 Bc6
22. h3 Qb7 23. Qd1 Bxg2+ 24. Nxg2 Rbe8 25. Kh2 a5 26. Nh4 a4 27. Bxd4 Bxd4 28.
g4 1/2-1/2

[Event "Druzynowe Mistrzostwa Polski - II Liga Seniorow"]
[Site "Ustron/Slaski Zwiazek Szachowy"]
[Date "2008.09.14"]
[Round "8.26"]
[White "Rawski, Slawomir"]
[Black "Jaroch, Karol"]
[Result "1-0"]
[WhiteTitle "k+"]
[BlackTitle "I++"]
[WhiteElo "2210"]
[BlackElo "2158"]

1. d4 f5 2. e4 fxe4 3. Nc3 Nf6 4. Bg5 Nc6 5. f3 d5 6. fxe4 dxe4 7. Bb5 Bd7 8.
Qd2 a6 9. Be2 Bf5 10. O-O-O Bg6 11. Nh3 Nd5 12. Nxd5 Qxd5 13. c4 Qa5 14. Qxa5
Nxa5 15. d5 b6 16. Bf4 O-O-O 17. Ng5 e6 18. Nxe6 Bd6 19. Bd2 Rhe8 20. c5 Be5
21. Bxa6+ Kb8 22. Bxa5 bxa5 23. Bb5 c6 24. Bxc6 Rxe6 25. dxe6 Rc8 26. Bd7 Rxc5+
27. Kb1 e3+ 28. Ka1 Rc2 29. Rb1 Rd2 30. Rhe1 Bxb1 31. Kxb1 1/2-1/2